|
|
|
|
| LEADER |
00000cam a2200000 7i4500 |
| 001 |
0000093605 |
| 005 |
20240111142829.0 |
| 008 |
240111 eng |
| 020 |
|
|
|a 9789672200857 (
|q paperback)
|
| 040 |
|
|
|e rda
|
| 041 |
|
|
|a English
|
| 090 |
0 |
0 |
|a 499.2307
|b NOR
|
| 100 |
0 |
|
|a Noraien Mansor
|c Dato' Prof. Madya, Dr. ,
|d 1960 ,
|e (author)
|
| 245 |
1 |
4 |
|a The malay language reality and hope
|c Noraien Mansor
|
| 264 |
|
1 |
|a Kuala Nerus, Terengganu :
|b Universiti Malaysia Terengganu (UMT)
|c 2019
|
| 300 |
|
|
|a 60 pages ;
|c 26 cm.
|
| 336 |
|
|
|a text
|2 rdacontent
|
| 337 |
|
|
|a unmediated
|2 rdamedia
|
| 338 |
|
|
|a volume
|2 rdacarrier
|
| 500 |
|
|
|a Includes index and references
|
| 541 |
|
|
|c Donation books
|
| 650 |
|
0 |
|a Government publications
|z Malaysia
|
| 650 |
|
0 |
|a Malay language
|x Research
|
| 700 |
0 |
|
|a Haizatul Syakirah Mohd Zulkifli ,
|e (author)
|
| 700 |
0 |
|
|a Noor Rohana Mansor ,
|c Prof. Madya Dr. ,
|d 1962- ,
|e (author)
|
| 730 |
0 |
|
|a Title
|
| 999 |
|
|
|a 0001749176
|b Book
|c Adult Collection
|e Perbadanan Perpustakaan Awam Johor
|